| 000 | 006120000a22001930004500 | ||
|---|---|---|---|
| 001 | 27392 | ||
| 010 | _a978-972-21-1849-1 | ||
| 090 | _a27392 | ||
| 100 | _a20070626d2007 m y0pory5003 ba | ||
| 101 | 0 | _apor | |
| 102 | _aPT | ||
| 200 | 1 |
_aVidas novas _eestórias _fJosé Luandino Vieira |
|
| 210 |
_aLisboa _cCaminho _d2007 |
||
| 215 | _a126 p | ||
| 225 | 2 |
_aOutras margens _iAutores estrangeiros de língua portuguesa _v60 |
|
| 675 |
_a821.134.3(673)-34"19" _vBN _zpor |
||
| 700 | 1 |
_aVieira _bJosé Luandino _cPseud. |
|
| 942 |
_cMON _n0 |
||
| 999 |
_a27392 _bBibliobase - BMTAV _c2019-01-21 |
||